=LDR 00000nam 2200000 4500 =001 INLIS000000000029666 =005 20130612131900 =008 ***********************************Ind** =035 ##$$0010-061300000029666 =041 ##$$a Ind =082 ##$$a 687 =090 ##$$a 687, Uma d =100 ##$$a Umar, Husein =245 ##$$a Desain penelitian akuntansi keperilakuan, cara mudah menyusun skripsi tahapan kerja dan comntoh lengkap daripada laporan untuk dikritisi, Husein Umar =260 ##$$a 2008 $b Jakarta =300 ##$$a ix, 234 hlm, ilus, 20 cm =650 ##$$a Akuntansi =850 ##$$a NBPNMAT =990 ##$$a 93702/BPAP-NTB/2014 =990 ##$$a 0001/BPAP-NTB/20142014 =990 ##$$a 0001/BPAP-NTB/20142014 =990 ##$$a 0001/BPAP-NTB/20142015 =990 ##$$a 0001/BPAP-NTB/20142015 =990 ##$$a 0001/BPAP-NTB/2015